Identifying Trageted Training Needs (Record no. 86964)

MARC details
000 -LEADER
fixed length control field 00583nam a2200205Ia 4500
008 - FIXED-LENGTH DATA ELEMENTS--GENERAL INFORMATION
fixed length control field 230125s9999 xx 000 0 und d
020 ## - INTERNATIONAL STANDARD BOOK NUMBER
International Standard Book Number 81-7544-104-6
041 ## - LANGUAGE CODE
Language code of text/sound track or separate title eng
082 ## - DEWEY DECIMAL CLASSIFICATION NUMBER
Classification number 658.3124
Item number SPA
100 ## - MAIN ENTRY--PERSONAL NAME
Personal name Sparhawk S
9 (RLIN) 110216
245 ## - TITLE STATEMENT
Title Identifying Trageted Training Needs
260 ## - PUBLICATION, DISTRIBUTION, ETC. (IMPRINT)
Date of publication, distribution, etc. 1998
Name of publisher, distributor, etc. Wheeler Publishing
Place of publication, distribution, etc. New Delhi
300 ## - PHYSICAL DESCRIPTION
Extent 104p
440 ## - SERIES STATEMENT/ADDED ENTRY--TITLE
Title High Impact Training Series
9 (RLIN) 110217
500 ## - GENERAL NOTE
Keywords Training
500 ## - GENERAL NOTE
Keywords Training;Series Book;Quality Improvement Series Book
650 ## - SUBJECT ADDED ENTRY--TOPICAL TERM
Topical term or geographic name as entry element Management
700 ## - ADDED ENTRY--PERSONAL NAME
Personal name Sparhawk S
9 (RLIN) 110216
Holdings
Withdrawn status Lost status Damaged status Not for loan Home library Current library Date acquired Vendor Cost, normal purchase price Total Checkouts Full call number Barcode Date last seen Cost, replacement price Bill Date Koha item type Original Barcode
        Smt. Hiraben Nanavati Institute of Management & Research for Women Smt. Hiraben Nanavati Institute of Management & Research for Women 03/02/1999 Varma Book Distributor 95.00   658.3124 SPA B01484 HIMR-BK-1484 25/01/2023 95.00 02/03/1999 Books B01484